LEADER 01032nam a2200277 i 4500 001 000000158279 003 CaOOAMICUS 005 20070205000000.0 008 070205s1983 it u000 u ita u 013 $a135642 040 $aSeMil$bita 100 1 $aShearman, John.$0(OLS)http://semarc/name/25231 245 13$aIl manierismo /$cJohn Shearman ; a cura di Marco Collareta. 260 $aFirenze :$bS.P.E.S.,$ccopyr. 1983. 300 $aXXVI, 151 p., [92] p. di tav. ;$c23 cm. 490 0 $aSpecimen ;$v2 500 $aFondo Ciprandi. 650 4$aManierismo.$0(OLS)http://semarc/subject/11406 700 1 $aCollareta, Marco.$0(OLS)http://semarc/name/41325 830 0$aSpecimen ;$v2.$0(OLS)http://semarc/title/22745 850 $aSeMil 852 $aSeMil$W1$xVenegono$y1$m5W VI 10$j109930$B109930$CSeMilBibl$Z2$F119576 $81 941 1 $a1 961 $aOmaggio: Ciprandi dott. Paolo 996 $6245$aIl manierismo$9(OLS)http://semarc/title/139608 996 $6260$aFirenze :$bS.P.E.S.$9(OLS)http://semarc/publisher/32355 LEADER 00846nab a2200181 i 4500 001 000000308748 003 CaOOAMICUS 005 20180831172941.0 008 180831n it uu u0 0ita r 013 $a17762 040 $aSeMil$bita 100 1 $aCozzi, Alberto,$d<1963- >.$0(OLS)http://semarc/name/5613 245 10$aApproccio teologico-sistematico al Diavolo :$bla connotazione demoniaca dell'esperienza del male. 650 4$aMale - Teologia.$0(OLS)http://semarc/subject/9198 650 4$aSatana - Teologia.$0(OLS)http://semarc/subject/43825 650 4$aDiavolo - Teologia.$0(OLS)http://semarc/subject/7075 773 0 $tMa liberaci dal Maligno. - Titolo principale dalla copertina.$gp.327-354$w()266772 996 $6245$aApproccio teologico-sistematico al Diavolo :$bla connotazione demoniaca dell'esperienza del male$9(OLS)http://semarc/title/383964